00609nam a22001697a 450000500170000000800410001702000180005804000230007605000160009910000470011524501240016226000430028630000380032950000200036765000170038765000350040420231212075115.0231212b |||||||| |||| 00| 0 eng d a9780201735024 aKMUcKMUdKMUerda aQA 39.3 Ben aBennett, Jeffrey O. and Briggs, William L. aUsing and understanding mathematics : ba quantitative reasoning approach /cBennett, Jeffrey O. and Briggs, William L. aUSA :bPearson Education, Inc ;c2002. axxix, 680 pages :bill. ;c26 cm. aIncludes index. aMathematics. aMathematics-Study and teaching